000 00564nam a22001817i 4500
999 _c22895
_d22895
003 AR-CdUCM
008 240513b20162016 pe||||| |||| 00| 0 spa d
020 _a978-612-319-057-6
040 _aMUNICIPALIDAD PROVINCIAL DEL CUSCO
_cBIBLIOTECA MUNICIPAL DEL CUSCO
082 _a856.56 / R743R3
_bR743R3
100 _aRodríguez, Gustavo.
_949838
245 _aRepública de la papaya /
260 _aLima :
_bEditorial Planeta,
_c2016
300 _a339 páginas. :
_c23 cm.
650 _aLiteratura peruana
_949839
942 _2ddc
_cLIBROS
945 _apbj
_d2024-05-13